000 00649naa a2200217 i 4500
001 29001
003 ES-MaBCM
005 20241016094935.0
008 940309s1994 fra 000 0 fre d
021 _axx
035 _a(OCoLC)1365211271
040 _cES-MaBCM
041 0 _afre
043 _afra
100 1 _aStorck, Michel
_945238
245 1 3 _aLe droit de propieté dans les régimes de separation de biens
_b: le titre ou la finance?
_cMichel Storck
650 2 7 _aBien ganancial
_957753
651 4 _aFrancia
_9115364
773 0 _aEn:
_tRecueil Dalloz Sirey
_dParis : 1994
_w104643
_gnº 8, févr., p. 61-64. - Loc. S.334
942 _cAREV
999 _c29001
_d29001